000 00344nam a22001337a 4500
082 _a894.812.1
_bVEN/I
100 _aVENNIYUR, RASHEED
245 _aITHU NJANGALUDE BHAKSHA ALLA
246 _aITHU NJANGALUDE BHAKSHA ALLA
_bITHU NJANGALUDE BHAKSHA ALLA
260 _bMANDHARAM
_c2024
300 _a162
650 _aMALAYALAM POETRY
942 _cBK
999 _c9072
_d9072